MICO - glhf - Statistics

General Stats
  • This quiz has been taken 29 times
  • The average score is 253 of 312
Answer Stats
Answer % Correct
fun
100%
good
100%
Good
100%
have
100%
I
100%
(I
100%
luck,
100%
you
100%
You
100%
a
94%
the
94%
to
94%
better?
88%
broke
88%
in
88%
it
88%
left
88%
lose
88%
me
88%
my
88%
no,
88%
now,
88%
playing
88%
was
88%
all
82%
always
82%
an
82%
Baby,
82%
baby
82%
back
82%
But
82%
but
82%
come
82%
for
82%
God
82%
it's
82%
It's
82%
like
82%
months
82%
Oh,
82%
oh,
82%
say
82%
someone
82%
Then
82%
then
82%
Thought
82%
Want
82%
way
82%
Acting
76%
apart
76%
Ask
76%
couple
76%
dark
76%
everything
76%
fall
76%
feeling
76%
find
76%
gave
76%
got
76%
just
76%
leave
76%
love,
76%
never
76%
okay
76%
on
76%
option
76%
out
76%
said
76%
somehow
76%
tearing
76%
wanted
76%
were
76%
what
76%
with
76%
you'll
76%
being
71%
break
71%
forever,
71%
how
71%
I'm
71%
reason
71%
scars
71%
spark
71%
treat
71%
try
71%
While
71%
you'd
71%
your
71%
honest
65%
needed
65%
promise
65%
See
65%
And
59%
asked
59%
changing
59%
doing,
59%
even
59%
fine
59%
hope
59%
hope,
59%
hope)
59%
truth
59%
at
53%
focus
53%
Fought
53%
Guess
53%
he's
53%
rules
53%
You're
53%
ceiling
47%
staring
47%
swore)
47%
ain't
41%
anything
41%
this
41%
self-obsessed,
35%
No matching quizzes found
Score Distribution
Percent of People with Each Score
Percentile by Number Answered
Your Score History
You have not taken this quiz